000 00444cam a22001217a 4500
008 180718b1995 xxu||||| |||| 00| 0 eng d
082 _aAPPPA 1994-95 PIS
100 _aPisharody, Sarla
245 _aTransportation of containerised freight traffic by rail present trends and future prospects
_cby Sarla Pisharody
260 _aNew Delhi
_bIndian Institute of Public Administration
_c1995
300 _a59p.
650 _aRail Transportation - India
999 _c481090
_d481090